Nîmes–Alès–Camargue–Cévennes Destinations (Nîmes, France) - Map - Statistics

General Stats
  • This quiz has been taken 13 times
  • The average score is 5 of 5
Answers on the Map
Answers color-coded by a green-red scale on the quiz's map according to % correct below.
 
Answer Stats
Destination % Correct
Dublin
100%
Fès
100%
London (Stansted)
100%
Marrakesh
83%
Charleroi
75%
No matching quizzes found
Score Distribution
Percent of People with Each Score
Percentile by Number Answered
Your Score History
You have not taken this quiz